| 000 | 00869ata a2200337 4500 | ||
|---|---|---|---|
| 005 | 20161214100758.0 | ||
| 008 | 150529b xxu||||| |||| 00| 0 spa d | ||
| 041 | _aspa | ||
| 082 | _a1.2.1 B142h | ||
| 100 |
_aBáez Casillas, Sixto _910614 |
||
| 245 | _aHotelería | ||
| 260 | _aMéxico | ||
| 260 | _bCECSA | ||
| 260 | _c2002 | ||
| 300 | _a388 páginas | ||
| 650 |
_aADMINISTRACIÓN HOTELERA _93716 |
||
| 650 |
_aHOTELERÍA _96011 |
||
| 650 |
_aORGANIGRAMAS _96895 |
||
| 650 |
_aDEPARTAMENTOS _912261 |
||
| 650 |
_aRESERVACIONES _96012 |
||
| 650 |
_aRECEPCIÓN _910371 |
||
| 650 |
_aTELÉFONOS _95272 |
||
| 650 |
_aBOTONES _920040 |
||
| 650 |
_aLAVANDERÍA _935416 |
||
| 650 |
_aSEGURIDAD _9395 |
||
| 650 |
_aMANTENIMIENTO _9757 |
||
| 650 |
_aRELACIONES PÚBLICAS _9488 |
||
| 650 |
_aRECURSOS HUMANOS _935417 |
||
| 650 |
_aCOMPRAS _92715 |
||
| 942 | _cBK | ||
| 999 |
_c6079 _d6079 |
||